<?xml version="1.0" encoding="UTF-8"?><?xml-stylesheet type="text/xsl" href="static/style.xsl"?><OAI-PMH xmlns="http://www.openarchives.org/OAI/2.0/" xmlns:xsi="http://www.w3.org/2001/XMLSchema-instance" xsi:schemaLocation="http://www.openarchives.org/OAI/2.0/ http://www.openarchives.org/OAI/2.0/OAI-PMH.xsd"><responseDate>2026-04-13T07:30:14Z</responseDate><request verb="GetRecord" identifier="oai:www.recercat.cat:20.500.12328/4030" metadataPrefix="marc">https://recercat.cat/oai/request</request><GetRecord><record><header><identifier>oai:recercat.cat:20.500.12328/4030</identifier><datestamp>2025-05-16T12:51:02Z</datestamp><setSpec>com_2072_67741</setSpec><setSpec>col_2072_484352</setSpec></header><metadata><record xmlns="http://www.loc.gov/MARC21/slim" xmlns:dcterms="http://purl.org/dc/terms/" xmlns:xsi="http://www.w3.org/2001/XMLSchema-instance" xmlns:doc="http://www.lyncode.com/xoai" xsi:schemaLocation="http://www.loc.gov/MARC21/slim http://www.loc.gov/standards/marcxml/schema/MARC21slim.xsd">
   <leader>00925njm 22002777a 4500</leader>
   <datafield ind2=" " ind1=" " tag="042">
      <subfield code="a">dc</subfield>
   </datafield>
   <datafield ind2=" " ind1=" " tag="720">
      <subfield code="a">Balada, Rafael</subfield>
      <subfield code="e">author</subfield>
   </datafield>
   <datafield ind2=" " ind1=" " tag="720">
      <subfield code="a">Tebé, Cristian</subfield>
      <subfield code="e">author</subfield>
   </datafield>
   <datafield ind2=" " ind1=" " tag="720">
      <subfield code="a">León, Marisol</subfield>
      <subfield code="e">author</subfield>
   </datafield>
   <datafield ind2=" " ind1=" " tag="720">
      <subfield code="a">Arca, Gemma</subfield>
      <subfield code="e">author</subfield>
   </datafield>
   <datafield ind2=" " ind1=" " tag="720">
      <subfield code="a">Alsina, Miguel</subfield>
      <subfield code="e">author</subfield>
   </datafield>
   <datafield ind2=" " ind1=" " tag="720">
      <subfield code="a">Castells, Alba-Aina</subfield>
      <subfield code="e">author</subfield>
   </datafield>
   <datafield ind2=" " ind1=" " tag="720">
      <subfield code="a">Alcántara, Soledad</subfield>
      <subfield code="e">author</subfield>
   </datafield>
   <datafield ind2=" " ind1=" " tag="720">
      <subfield code="a">Garcia-Alix, Alfredo</subfield>
      <subfield code="e">author</subfield>
   </datafield>
   <datafield ind2=" " ind1=" " tag="260">
      <subfield code="c">2020</subfield>
   </datafield>
   <datafield ind2=" " ind1=" " tag="520">
      <subfield code="a">Background: We aimed to assess whether a gene expression assay provided insights for understanding the heterogeneity among newborns affected by neonatal encephalopathy (NE). Methods: Analysis by RT-qPCR of the mRNA expression of candidate genes in whole blood from controls (n = 34) and NE (n = 24) patients at &lt;6, 12, 24, 48, 72 and 96 h of life, followed by determination of differences in gene expression between conditions and correlation with clinical variables. Results: During the first 4 days of life, MMP9, PPARG, IL8, HSPA1A and TLR8 were more expressed and CCR5 less expressed in NE patients compared to controls. MMP9 and PPARG increased and CCR5 decreased in moderate/severe NE patients compared to mild. At 6–12 h of life, increased IL8 correlated with severe NE and death, decreased CCR5 correlated with chorioamnionitis and increased HSPA1A correlated with expanded multiorgan dysfunction, severe NE and female sex. Conclusions: MMP9, PPARG and CCR5 mRNA expression within first days of life correlates with the severity of NE. At 6–12 h, IL8 and HSPA1A are good reporters of clinical variables in NE patients. HSPA1A may have a role in the sexual dimorphism observed in NE. CCR5 is potentially involved in the link between severe NE and chorioamnionitis.</subfield>
   </datafield>
   <datafield ind1="8" ind2=" " tag="024">
      <subfield code="a">Balada, Rafael; Tebé, Cristian; León, Marisol [et al.]. Enquiring beneath the surface: can a gene expression assay shed light into the heterogeneity among newborns with neonatal encephalopathy? Pediatric Research, 2020, 88, p. 451-458. Disponible en: &lt;https://www.nature.com/articles/s41390-020-0764-2>. Fecha de acceso: 7 feb. 2024. DOI: 10.1038/s41390-020-0764-2</subfield>
   </datafield>
   <datafield ind1="8" ind2=" " tag="024">
      <subfield code="a">0031-3998</subfield>
   </datafield>
   <datafield ind1="8" ind2=" " tag="024">
      <subfield code="a">http://hdl.handle.net/20.500.12328/4030</subfield>
   </datafield>
   <datafield ind1="8" ind2=" " tag="024">
      <subfield code="a">https://dx.doi.org/10.1038/s41390-020-0764-2</subfield>
   </datafield>
   <datafield tag="653" ind2=" " ind1=" ">
      <subfield code="a">Pediatría</subfield>
   </datafield>
   <datafield tag="653" ind2=" " ind1=" ">
      <subfield code="a">Pediatrics</subfield>
   </datafield>
   <datafield ind2="0" ind1="0" tag="245">
      <subfield code="a">Enquiring beneath the surface: can a gene expression assay shed light into the heterogeneity among newborns with neonatal encephalopathy?</subfield>
   </datafield>
</record></metadata></record></GetRecord></OAI-PMH>